Typing Challenge: 100 'B' Words Quiz Stats

 Plays Quiz Updated Nov 3, 2018

Challenge
Share
Tweet
Embed
Score 0/100 Timer 02:30
2 Plays Today
What to type ↓ Type here! ↓ % Correct
baabaa
99.8%
bibbib
99.2%
boaboa
98.8%
baldbald
98.4%
backback
98%
baitbait
97.8%
beefbeef
97.6%
bussbuss
97.5%
bloodblood
97.3%
brickbrick
97%
beachbeach
96.8%
brainbrain
96.7%
blurbblurb
96.4%
bijoubijou
96.1%
bightbight
95.9%
bayoubayou
95.8%
bwanabwana
95.7%
boccebocce
95.5%
blypeblype
95.3%
bikinibikini
95.2%
bamboobamboo
95.1%
borderborder
94.9%
beaverbeaver
94.8%
balladballad
94.7%
ballotballot
94.5%
benignbenign
94.2%
bonnetbonnet
94%
bazaarbazaar
93.7%
bisquebisque
93.5%
brazenbrazen
93.2%
basaltbasalt
92.9%
bodkinbodkin
92.6%
blottoblotto
92.3%
blazonblazon
92%
What to type ↓ Type here! ↓ % Correct
balboabalboa
91.5%
barongbarong
91.1%
byssusbyssus
90.7%
banjaxbanjax
90.1%
boletebolete
89.5%
bizarrebizarre
88.7%
batterybattery
88.1%
bellboybellboy
87.4%
baptismbaptism
86.7%
bladderbladder
85.9%
bandanabandana
85.1%
blubberblubber
84.2%
besiegebesiege
82.8%
bassoonbassoon
81.5%
bootlegbootleg
80.4%
baklavabaklava
79.1%
boroughborough
77.7%
buffoonbuffoon
76.3%
bonanzabonanza
74.4%
beguilebeguile
72.5%
bailiffbailiff
70.3%
brevitybrevity
68.7%
bolivarbolivar
67%
bedouinbedouin
64.7%
bolsterbolster
62.7%
bauxitebauxite
60.5%
bitumenbitumen
58.5%
belaborbelabor
56.4%
bruxismbruxism
53.9%
bellingbelling
52.3%
basculebascule
50.4%
baguettebaguette
48.3%
beveragebeverage
46.2%
barbecuebarbecue
43.7%
What to type ↓ Type here! ↓ % Correct
barnaclebarnacle
41.5%
boutiqueboutique
39.3%
bewilderbewilder
37.2%
barogrambarogram
35.1%
behemothbehemoth
33.1%
ballyhooballyhoo
31.1%
beatificbeatific
29.3%
bluenosebluenose
27.8%
bryologybryology
25.7%
balanoidbalanoid
24.2%
blennoidblennoid
22.5%
blattoidblattoid
21%
bdelloidbdelloid
19.4%
bilingualbilingual
17.8%
badmintonbadminton
16.5%
blasphemyblasphemy
14.9%
barbarianbarbarian
13.8%
ballisticballistic
13%
boondocksboondocks
12%
briquettebriquette
10.9%
brimstonebrimstone
10.2%
bletonismbletonism
9.2%
backgammonbackgammon
8.4%
balneologybalneology
7.3%
brontologybrontology
6.6%
bradyseismbradyseism
5.7%
bittersweetbittersweet
5.2%
benedictionbenediction
4.5%
bladderwortbladderwort
4%
baccalaureatebaccalaureate
3.4%
bouillabaissebouillabaisse
2.7%
bildungsromanBrilliant!
2.3%

You're not logged in!

Compare scores with friends on all Sporcle quizzes.
OR
Log In

You Might Also Like...

Show Comments

Extras

Top Quizzes Today


Score Distribution

Your Account Isn't Verified!

In order to create a playlist on Sporcle, you need to verify the email address you used during registration. Go to your Sporcle Settings to finish the process.

Report this User

Report this user for behavior that violates our Community Guidelines.

Details: